000 00450nam a2200181Ia 4500
001 4489
005 20260306145800.0
008 260306t2007||||xx |||||||||||||| ||spa||
041 _aESP
082 _a323.326
_bC24
100 _aCamps Merlo, Marina
_eAUT
245 0 _aIdentidad sexual y derecho:
_bestudio interdisciplinario del transexualismo
260 _c2007
300 _a
_c
650 _aGEN
654 _aCHU
942 _cLIB
_dJUS
_fJUS
_2ddc
_n
999 _c4489
_d4489